[Event "DEM U10 2018"]
[Site "Willingen GER"]
[Date "2018.05.25"]
[Round "9"]
[White "Deuer, Marius"]
[Black "Sommer, Justus"]
[Result "1-0"]
[Termination "normal"]
[Board "4"]
[WhiteElo "1842"]
[BlackElo "1459"]
[WhiteClock "00:07:02"]
[BlackClock "00:34:38"]
[PlyCount "85"]
[WhiteFideId "16236432"]
[BlackFideId "16245008"]
[EventCountry "GER"]
[EventRounds "11"]
[EventType "swiss"]
[EventDate "2018.05.19"]

1. e4 {[%clk 1:15:58]} 1... e5 {[%clk 1:15:50]} 2. Nf3 {[%clk 1:16:23]} 2...
Nc6 {[%clk 1:16:07]} 3. Bb5 {[%clk 1:16:31]} 3... a6 {[%clk 1:16:24]} 4. Ba4 {
[%clk 1:16:57]} 4... b5 {[%clk 1:16:46]} 5. Bb3 {[%clk 1:17:24]} 5... Bb7 {
[%clk 1:16:48]} 6. c3 {[%clk 1:10:22]} 6... Be7 {[%clk 1:13:44]} 7. d4 { [%clk
0:59:15]} 7... d6 {[%clk 1:09:51]} 8. O-O {[%clk 0:53:43]} 8... Nf6 { [%clk
1:06:38]} 9. Re1 {[%clk 0:53:11]} 9... O-O {[%clk 1:03:26]} 10. Nbd2 { [%clk
0:52:07]} 10... Qd7 {[%clk 1:01:33]} 11. Nf1 {[%clk 0:48:54]} 11... Rad8 {[%clk
0:57:55]} 12. a4 {[%clk 0:43:46]} 12... Ra8 {[%clk 0:50:43]} 13. Ng3 { [%clk
0:39:56]} 13... Rae8 {[%clk 0:38:48]} 14. axb5 {[%clk 0:34:33]} 14... axb5
{[%clk 0:38:57]} 15. d5 {[%clk 0:28:44]} 15... Nd8 {[%clk 0:38:19]} 16. Bg5
{[%clk 0:26:00]} 16... h6 {[%clk 0:37:43]} 17. Bxf6 {[%clk 0:25:16]} 17... Bxf6
{[%clk 0:38:00]} 18. h3 {[%clk 0:24:14]} 18... c6 {[%clk 0:37:32]} 19. Nf5
{[%clk 0:23:50]} 19... cxd5 {[%clk 0:37:35]} 20. Bxd5 {[%clk 0:24:13]} 20...
Bxd5 {[%clk 0:37:27]} 21. Qxd5 {[%clk 0:24:30]} 21... Qc6 {[%clk 0:36:02]} 22.
Nxd6 {[%clk 0:22:33]} 22... Qxd5 {[%clk 0:35:39]} 23. exd5 {[%clk 0:22:18]}
23... Re7 {[%clk 0:35:38]} 24. Nxb5 {[%clk 0:21:57]} 24... Rb7 {[%clk 0:35:54]}
25. c4 25... e4 {[%clk 0:35:52]} 26. Rxe4 {[%clk 0:22:08]} 26... Bxb2 { [%clk
0:36:11]} 27. Rb1 {[%clk 0:22:00]} 27... Bf6 {[%clk 0:36:24]} 28. c5 { [%clk
0:21:07]} 28... Rd7 {[%clk 0:36:20]} 29. Nd6 {[%clk 0:20:07]} 29... Be7 { [%clk
0:36:06]} 30. Ne5 {[%clk 0:18:57]} 30... Rc7 {[%clk 0:36:06]} 31. Nb5 { [%clk
0:14:15]} 31... f5 {[%clk 0:35:12]} 32. Rc4 {[%clk 0:08:10]} 32... Bf6 { [%clk
0:34:59]} 33. Nxc7 {[%clk 0:08:25]} 33... Bxe5 {[%clk 0:35:18]} 34. Ne6 { [%clk
0:07:34]} 34... Nxe6 35. dxe6 {[%clk 0:07:58]} 35... Rf6 {[%clk 0:35:00]} 36.
c6 {[%clk 0:08:05]} 36... Bc7 {[%clk 0:34:43]} 37. Rb7 {[%clk 0:07:59]} 37...
Bd6 {[%clk 0:34:18]} 38. c7 {[%clk 0:07:52]} 38... Kh7 {[%clk 0:34:33]} 39.
c8=Q {[%clk 0:07:25]} 39... Kg6 {[%clk 0:34:31]} 40. Qe8+ {[%clk 0:07:43]}
40... Kh7 {[%clk 0:34:24]} 41. Rc8 {[%clk 0:07:04]} 41... Rxe6 {[%clk 0:34:21]}
42. Qg8+ {[%clk 0:06:45]} 42... Kg6 {[%clk 0:34:38]} 43. Qxe6+ {[%clk 0:07:02]}
1-0

[Event "DEM U10 2018"]
[Site "Willingen GER"]
[Date "2018.05.25"]
[Round "9"]
[White "von Mettenheim, Johannes"]
[Black "Grabs, Peter"]
[Result "0-1"]
[Termination "normal"]
[Board "5"]
[BlackTitle "CM"]
[WhiteElo "1581"]
[BlackElo "1480"]
[WhiteClock "00:49:19"]
[BlackClock "00:16:24"]
[PlyCount "122"]
[WhiteFideId "16244818"]
[BlackFideId "16203887"]
[EventCountry "GER"]
[EventRounds "11"]
[EventType "swiss"]
[EventDate "2018.05.19"]

1. d4 {[%clk 1:15:59]} 1... d5 {[%clk 1:15:45]} 2. c4 {[%clk 1:16:25]} 2...
dxc4 {[%clk 1:16:00]} 3. e3 {[%clk 1:16:50]} 3... e5 {[%clk 1:16:21]} 4. Bxc4 {
[%clk 1:16:41]} 4... exd4 {[%clk 1:15:57]} 5. exd4 {[%clk 1:17:03]} 5... Bb4+ {
[%clk 1:15:23]} 6. Nc3 {[%clk 1:17:12]} 6... Nf6 {[%clk 1:11:48]} 7. Qb3 {
[%clk 1:17:01]} 7... Qe7+ {[%clk 1:11:11]} 8. Nge2 {[%clk 1:15:05]} 8... O-O {
[%clk 1:10:19]} 9. O-O {[%clk 1:15:25]} 9... Nc6 {[%clk 1:10:00]} 10. Qc2 {
[%clk 1:13:46]} 10... Rd8 {[%clk 1:08:31]} 11. Bg5 {[%clk 1:11:02]} 11... Nxd4
{[%clk 1:00:09]} 12. Nxd4 {[%clk 1:10:17]} 12... Rxd4 {[%clk 0:59:44]} 13. Rfe1
{[%clk 1:08:52]} 13... Be6 {[%clk 0:57:26]} 14. Nd5 {[%clk 1:07:07]} 14... Qc5
{[%clk 0:56:07]} 15. Bxf6 {[%clk 1:01:46]} 15... Rxc4 {[%clk 0:54:29]} 16. Ne7+
{[%clk 1:00:42]} 16... Kh8 {[%clk 0:52:54]} 17. Bc3 {[%clk 0:57:53]} 17... Bxc3
{[%clk 0:50:31]} 18. bxc3 {[%clk 0:58:16]} 18... Qxe7 {[%clk 0:50:41]} 19. Qd3
{[%clk 0:58:01]} 19... Rc6 {[%clk 0:50:31]} 20. Rab1 {[%clk 0:55:59]} 20... Rb6
{[%clk 0:50:08]} 21. Rbd1 {[%clk 0:56:01]} 21... Rd6 {[%clk 0:50:03]} 22. Qc2 {
[%clk 0:56:11]} 22... Rad8 {[%clk 0:50:01]} 23. Rb1 {[%clk 0:53:28]} 23... Rd2
{[%clk 0:49:37]} 24. Qa4 {[%clk 0:53:36]} 24... Rxa2 {[%clk 0:48:31]} 25. Qe4 {
[%clk 0:52:46]} 25... c6 {[%clk 0:47:09]} 26. h3 {[%clk 0:50:09]} 26... Rdd2 {
[%clk 0:44:05]} 27. Qf4 {[%clk 0:49:02]} 27... Rd8 {[%clk 0:41:39]} 28. Re3 {
[%clk 0:45:26]} 28... Rad2 {[%clk 0:36:51]} 29. Rbe1 {[%clk 0:44:59]} 29... Rd1
{[%clk 0:35:23]} 30. Qg3 {[%clk 0:44:43]} 30... Rxe1+ {[%clk 0:35:10]} 31. Rxe1
{[%clk 0:45:07]} 31... Qd6 {[%clk 0:34:42]} 32. Qe3 {[%clk 0:45:15]} 32... Qd2
{[%clk 0:34:45]} 33. Qe5 {[%clk 0:45:29]} 33... Qd6 {[%clk 0:33:29]} 34. Qe3 {
[%clk 0:45:50]} 34... a5 {[%clk 0:32:39]} 35. Qb6 {[%clk 0:45:48]} 35... a4 {
[%clk 0:32:26]} 36. Qxb7 {[%clk 0:45:56]} 36... a3 {[%clk 0:32:21]} 37. Qa6 {
[%clk 0:45:56]} 37... a2 {[%clk 0:32:22]} 38. Qa5 {[%clk 0:45:41]} 38... Qd1 {
[%clk 0:31:37]} 39. c4 {[%clk 0:45:16]} 39... a1=Q {[%clk 0:31:57]} 40. Qxa1 {
[%clk 0:45:26]} 40... Qxa1 {[%clk 0:32:12]} 41. Rxa1 {[%clk 0:45:51]} 41...
Bxc4 {[%clk 0:32:03]} 42. Rc1 {[%clk 0:46:11]} 42... Bd5 {[%clk 0:32:27]} 43.
Rb1 {[%clk 0:46:31]} 43... g6 {[%clk 0:32:25]} 44. f4 {[%clk 0:46:43]} 44...
Kg7 {[%clk 0:31:42]} 45. Kf2 {[%clk 0:47:06]} 45... Kf6 {[%clk 0:31:51]} 46. g4
{[%clk 0:47:30]} 46... Rc8 {[%clk 0:30:45]} 47. Rb6 {[%clk 0:47:55]} 47... Ke7
{[%clk 0:30:07]} 48. Ke3 {[%clk 0:48:13]} 48... c5 {[%clk 0:30:19]} 49. Kd3 {
[%clk 0:48:40]} 49... Rc6 {[%clk 0:30:24]} 50. Rb7+ {[%clk 0:49:02]} 50... Kd6
{[%clk 0:27:41]} 51. h4 {[%clk 0:49:19]} 51... Ra6 {[%clk 0:26:10]} 52. Rb8 {
[%clk 0:49:41]} 52... c4+ {[%clk 0:24:40]} 53. Kd4 {[%clk 0:50:02]} 53... Ra3 {
[%clk 0:20:49]} 54. Rd8+ {[%clk 0:49:52]} 54... Kc6 {[%clk 0:21:05]} 55. Rc8+ {
[%clk 0:50:17]} 55... Kd7 {[%clk 0:20:44]} 56. Rc5 {[%clk 0:50:32]} 56... Be6 {
[%clk 0:20:07]} 57. f5 {[%clk 0:49:34]} 57... Rd3+ {[%clk 0:20:03]} 58. Ke4 {
[%clk 0:49:57]} 58... Kd6 {[%clk 0:19:19]} 59. Ra5 {[%clk 0:49:21]} 59... Bd5+
{[%clk 0:17:36]} 60. Kf4 {[%clk 0:49:06]} 60... c3 {[%clk 0:16:29]} 61. Ra1 {
[%clk 0:49:19]} 61... c2 {[%clk 0:16:24]} 0-1

[Event "DEM U10 2018"]
[Site "Willingen GER"]
[Date "2018.05.25"]
[Round "9"]
[White "Poschadel, Andreas Gregor"]
[Black "Sundui, Chinguun"]
[Result "1-0"]
[Termination "normal"]
[Board "6"]
[WhiteElo "1771"]
[BlackElo "1424"]
[WhiteClock "00:18:03"]
[BlackClock "00:20:40"]
[PlyCount "73"]
[WhiteFideId "16204948"]
[BlackFideId "4907930"]
[EventCountry "GER"]
[EventRounds "11"]
[EventType "swiss"]
[EventDate "2018.05.19"]

1. e4 {[%clk 1:15:58]} 1... c5 {[%clk 1:15:59]} 2. Nc3 {[%clk 1:16:17]} 2... a6
{[%clk 1:16:21]} 3. g3 {[%clk 1:16:31]} 3... b5 {[%clk 1:16:32]} 4. a3 { [%clk
1:16:38]} 4... Bb7 {[%clk 1:16:50]} 5. Bg2 {[%clk 1:16:46]} 5... e6 { [%clk
1:16:17]} 6. d3 {[%clk 1:16:05]} 6... Be7 {[%clk 1:16:19]} 7. f4 { [%clk
1:15:52]} 7... Nf6 {[%clk 1:16:15]} 8. Nf3 {[%clk 1:15:41]} 8... O-O { [%clk
1:15:29]} 9. O-O {[%clk 1:14:58]} 9... Qc7 {[%clk 1:15:03]} 10. h3 { [%clk
1:14:30]} 10... d5 {[%clk 1:03:23]} 11. e5 {[%clk 1:07:50]} 11... Nfd7 { [%clk
1:03:06]} 12. Qe2 {[%clk 1:07:35]} 12... Nb6 {[%clk 0:57:17]} 13. g4 { [%clk
1:05:47]} 13... d4 {[%clk 0:56:47]} 14. Ne4 {[%clk 1:05:38]} 14... Nd5 { [%clk
0:56:05]} 15. Neg5 {[%clk 1:02:03]} 15... h6 {[%clk 0:56:01]} 16. Ne4 { [%clk
1:01:31]} 16... Nd7 {[%clk 0:55:41]} 17. g5 {[%clk 0:58:09]} 17... h5 { [%clk
0:52:09]} 18. Nh4 {[%clk 0:55:55]} 18... g6 {[%clk 0:51:47]} 19. Nf6+ { [%clk
0:53:59]} 19... N7xf6 {[%clk 0:51:23]} 20. gxf6 {[%clk 0:53:06]} 20... Nxf6
{[%clk 0:44:21]} 21. exf6 {[%clk 0:51:29]} 21... Bxf6 {[%clk 0:44:50]} 22. Bxb7
{[%clk 0:45:25]} 22... Qxb7 {[%clk 0:45:18]} 23. Qf2 {[%clk 0:41:31]} 23... Qd5
{[%clk 0:44:06]} 24. Kh2 {[%clk 0:36:12]} 24... Rad8 {[%clk 0:37:08]} 25. Rg1
{[%clk 0:34:59]} 25... Kh7 {[%clk 0:36:04]} 26. Qg3 {[%clk 0:32:56]} 26... Bxh4
{[%clk 0:35:05]} 27. Qxh4 {[%clk 0:32:55]} 27... Qf3 {[%clk 0:35:18] } 28. Qg3
{[%clk 0:32:15]} 28... Qd5 {[%clk 0:35:07]} 29. Bd2 {[%clk 0:31:11]} 29... c4
{[%clk 0:32:05]} 30. Rae1 {[%clk 0:28:03]} 30... Qc6 {[%clk 0:30:54]} 31. Re5
{[%clk 0:25:28]} 31... Rg8 {[%clk 0:30:52]} 32. Qg5 {[%clk 0:20:45]} 32... Qf3
{[%clk 0:29:35]} 33. f5 {[%clk 0:18:58]} 33... Kg7 {[%clk 0:26:03]} 34. fxg6
{[%clk 0:18:59]} 34... cxd3 {[%clk 0:21:21]} 35. Qh6+ {[%clk 0:17:51]} 35...
Kf6 {[%clk 0:21:47]} 36. gxf7+ {[%clk 0:17:48]} 36... Kxf7 { [%clk 0:20:40]}
37. Qxe6+ {[%clk 0:18:03]} 1-0

[Event "DEM U10 2018"]
[Site "Willingen GER"]
[Date "2018.05.25"]
[Round "9"]
[White "Müller, Maximilian"]
[Black "Kieselbach, Jannik"]
[Result "1/2-1/2"]
[Termination "normal"]
[Board "7"]
[WhiteElo "1497"]
[BlackElo "1397"]
[WhiteClock "00:09:07"]
[BlackClock "00:14:31"]
[PlyCount "122"]
[WhiteFideId "16243552"]
[BlackFideId "16246403"]
[EventCountry "GER"]
[EventRounds "11"]
[EventType "swiss"]
[EventDate "2018.05.19"]

1. d4 {[%clk 1:15:59]} 1... d5 {[%clk 1:15:52]} 2. e3 {[%clk 1:16:24]} 2... e6
{[%clk 1:16:11]} 3. Bd3 {[%clk 1:16:50]} 3... Bd6 {[%clk 1:16:22]} 4. f4 {
[%clk 1:17:14]} 4... f5 {[%clk 1:16:18]} 5. Nf3 {[%clk 1:17:22]} 5... Nf6 {
[%clk 1:16:26]} 6. O-O {[%clk 1:17:12]} 6... O-O {[%clk 1:16:26]} 7. b3 { [%clk
1:16:03]} 7... Ne4 {[%clk 1:16:15]} 8. Ne5 {[%clk 1:15:31]} 8... Nd7 { [%clk
1:15:46]} 9. Ba3 {[%clk 1:10:35]} 9... Rf6 {[%clk 1:14:25]} 10. Rf3 { [%clk
1:01:59]} 10... Rh6 {[%clk 1:12:13]} 11. Qe1 {[%clk 1:00:10]} 11... Ndf6 {[%clk
1:08:45]} 12. h3 {[%clk 0:45:48]} 12... Bd7 {[%clk 1:07:29]} 13. Bxd6 { [%clk
0:40:20]} 13... cxd6 {[%clk 1:07:43]} 14. Nxd7 {[%clk 0:40:48]} 14... Qxd7
{[%clk 1:07:19]} 15. Nd2 {[%clk 0:40:29]} 15... Rc8 {[%clk 1:07:01]} 16. Rc1
{[%clk 0:37:02]} 16... Qe8 {[%clk 1:03:31]} 17. a4 {[%clk 0:30:39]} 17... Qh5
{[%clk 1:02:28]} 18. Bxe4 {[%clk 0:26:01]} 18... Nxe4 {[%clk 1:01:42]} 19. Nxe4
{[%clk 0:26:20]} 19... dxe4 {[%clk 1:01:31]} 20. Rf2 {[%clk 0:26:32]} 20... Rg6
{[%clk 1:00:14]} 21. Kh2 {[%clk 0:26:25]} 21... Qh4 {[%clk 0:59:20]} 22. Re2
{[%clk 0:26:43]} 22... Qd8 {[%clk 0:57:54]} 23. Qb4 {[%clk 0:25:51]} 23... b6
{[%clk 0:57:29]} 24. Qd2 {[%clk 0:25:28]} 24... Rf6 {[%clk 0:50:57]} 25. c4
{[%clk 0:25:09]} 25... Rf7 {[%clk 0:49:55]} 26. Rc3 {[%clk 0:21:31]} 26... Rd7
{[%clk 0:48:49]} 27. Qc1 {[%clk 0:20:46]} 27... d5 {[%clk 0:47:07]} 28. Rec2
{[%clk 0:20:05]} 28... Rdc7 {[%clk 0:43:21]} 29. c5 {[%clk 0:17:35]} 29... g6
{[%clk 0:41:11]} 30. b4 {[%clk 0:15:01]} 30... Qd7 {[%clk 0:38:31]} 31. cxb6
{[%clk 0:13:57]} 31... Rxc3 {[%clk 0:38:49]} 32. Rxc3 {[%clk 0:14:18]} 32...
Rxc3 {[%clk 0:39:11]} 33. Qxc3 {[%clk 0:14:44]} 33... axb6 { [%clk 0:39:14]}
34. b5 {[%clk 0:15:03]} 34... Kf7 {[%clk 0:36:27]} 35. Kg3 { [%clk 0:15:14]}
35... h6 {[%clk 0:33:01]} 36. h4 {[%clk 0:14:54]} 36... g5 { [%clk 0:25:18]}
37. hxg5 {[%clk 0:14:40]} 37... hxg5 {[%clk 0:25:36]} 38. Qc6 { [%clk 0:15:04]}
38... gxf4+ {[%clk 0:24:36]} 39. Kxf4 {[%clk 0:15:23]} 39... Qe7 {[%clk
0:23:30]} 40. Kg3 {[%clk 0:08:52]} 40... Qg5+ {[%clk 0:21:47]} 41. Kf2 {[%clk
0:07:37]} 41... Qh4+ {[%clk 0:21:45]} 42. Kf1 {[%clk 0:07:06]} 42... Qh1+
{[%clk 0:21:47]} 43. Kf2 {[%clk 0:07:15]} 43... Qh4+ {[%clk 0:22:09]} 44. Ke2
{[%clk 0:00:42]} 44... Qg4+ {[%clk 0:21:24]} 45. Ke1 {[%clk 0:01:04]} 45...
Qh4+ {[%clk 0:20:05]} 46. Kd1 {[%clk 0:13:59]} 46... Qh1+ {[%clk 0:34:11]} 47.
Kc2 {[%clk 0:14:26]} 47... Qxg2+ {[%clk 0:34:26]} 48. Kb1 {[%clk 0:14:27]}
48... Qf1+ {[%clk 0:34:29]} 49. Kc2 {[%clk 0:12:32]} 49... Qe2+ {[%clk 0:34:06]
} 50. Kb1 {[%clk 0:12:12]} 50... Qd3+ {[%clk 0:32:32]} 51. Kb2 {[%clk 0:12:16]}
51... Qd2+ {[%clk 0:30:44]} 52. Kb1 {[%clk 0:12:07]} 52... Qb4+ {[%clk 0:25:28]
} 53. Kc1 {[%clk 0:11:24]} 53... Qe1+ {[%clk 0:24:16]} 54. Kb2 {[%clk 0:11:26]}
54... Qd2+ {[%clk 0:23:43]} 55. Kb1 {[%clk 0:10:24]} 55... Qd1+ {[%clk 0:23:35]
} 56. Kb2 {[%clk 0:09:58]} 56... Qe2+ {[%clk 0:22:24]} 57. Kb1 {[%clk 0:10:19]}
57... Qxe3 {[%clk 0:17:48]} 58. Qxb6 {[%clk 0:09:41]} 58... Qd3+ { [%clk
0:17:33]} 59. Kb2 {[%clk 0:09:54]} 59... e3 {[%clk 0:16:33]} 60. Qc7+ { [%clk
0:10:17]} 60... Kg6 {[%clk 0:14:52]} 61. Qg3+ {[%clk 0:09:07]} 61... Kh5 {[%clk
0:14:31]} 1/2-1/2

[Event "DEM U10 2018"]
[Site "Willingen GER"]
[Date "2018.05.25"]
[Round "9"]
[White "Aravindan, Midhulan"]
[Black "Krüger, Aurelian"]
[Result "1-0"]
[Termination "normal"]
[Board "8"]
[WhiteElo "1446"]
[BlackElo "1469"]
[WhiteClock "00:38:54"]
[BlackClock "00:40:07"]
[PlyCount "45"]
[WhiteFideId "16237250"]
[BlackFideId "16230400"]
[EventCountry "GER"]
[EventRounds "11"]
[EventType "swiss"]
[EventDate "2018.05.19"]

1. e4 {[%clk 1:15:55]} 1... c5 {[%clk 1:15:55]} 2. Nf3 {[%clk 1:16:16]} 2... d6
3. Bb5+ {[%clk 1:16:41]} 3... Bd7 {[%clk 1:16:43]} 4. Bxd7+ {[%clk 1:17:01]}
4... Nxd7 {[%clk 1:17:07]} 5. O-O {[%clk 1:17:20]} 5... Ngf6 {[%clk 1:17:33]}
6. Re1 {[%clk 1:17:18]} 6... e6 {[%clk 1:17:40]} 7. Nc3 {[%clk 1:17:25]} 7...
Be7 {[%clk 1:17:30]} 8. d3 {[%clk 1:17:07]} 8... O-O {[%clk 1:16:41]} 9. h3 {
[%clk 1:16:22]} 9... a6 {[%clk 1:15:21]} 10. Bf4 {[%clk 1:13:40]} 10... b5 {
[%clk 1:12:26]} 11. a3 {[%clk 1:11:11]} 11... Nb6 {[%clk 1:10:16]} 12. e5 {
[%clk 1:07:30]} 12... Nfd5 {[%clk 1:06:55]} 13. Nxd5 {[%clk 1:03:56]} 13...
Nxd5 {[%clk 1:07:16]} 14. Bh2 {[%clk 1:04:07]} 14... Rc8 {[%clk 1:05:20]} 15.
Rc1 {[%clk 0:59:31]} 15... dxe5 {[%clk 0:59:29]} 16. Nxe5 {[%clk 0:58:30]}
16... f6 {[%clk 0:59:42]} 17. Nf3 {[%clk 0:57:23]} 17... e5 {[%clk 0:58:24]}
18. Nh4 {[%clk 0:51:31]} 18... Bd6 {[%clk 0:49:05]} 19. Nf5 {[%clk 0:48:41]}
19... Nc7 {[%clk 0:42:42]} 20. Qg4 {[%clk 0:43:46]} 20... Ne8 {[%clk 0:41:31]}
21. f4 {[%clk 0:41:46]} 21... exf4 {[%clk 0:40:14]} 22. Rxe8 {[%clk 0:39:26]}
22... Qc7 {[%clk 0:40:07]} 23. Re7 {[%clk 0:38:54]} 1-0

[Event "DEM U10 2018"]
[Site "Willingen GER"]
[Date "2018.05.25"]
[Round "9"]
[White "Puchas, Henrik"]
[Black "Kocharin, Timur"]
[Result "1/2-1/2"]
[Termination "normal"]
[Board "9"]
[WhiteElo "1439"]
[BlackElo "1280"]
[WhiteClock "00:31:55"]
[BlackClock "00:24:44"]
[PlyCount "47"]
[WhiteFideId "16257995"]
[BlackFideId "16240936"]
[EventCountry "GER"]
[EventRounds "11"]
[EventType "swiss"]
[EventDate "2018.05.19"]

1. e4 {[%clk 1:15:55]} 1... c5 {[%clk 1:15:49]} 2. Nf3 {[%clk 1:16:20]} 2...
Nc6 {[%clk 1:16:09]} 3. d4 {[%clk 1:16:17]} 3... cxd4 {[%clk 1:16:15]} 4. Nxd4
{[%clk 1:16:20]} 4... g6 {[%clk 1:16:14]} 5. Nc3 {[%clk 1:16:04]} 5... Bg7 {
[%clk 1:16:08]} 6. Be3 {[%clk 1:16:03]} 6... Nf6 {[%clk 1:16:19]} 7. Bc4 {
[%clk 1:16:12]} 7... O-O {[%clk 1:16:12]} 8. f3 {[%clk 1:16:31]} 8... d6 {
[%clk 1:15:51]} 9. Qd2 {[%clk 1:16:47]} 9... a6 {[%clk 1:12:44]} 10. O-O-O {
[%clk 1:16:55]} 10... Bd7 {[%clk 1:10:30]} 11. g4 {[%clk 1:17:14]} 11... b5 {
[%clk 1:08:36]} 12. Bb3 {[%clk 1:16:56]} 12... Ne5 {[%clk 1:05:24]} 13. h4 {
[%clk 1:16:15]} 13... h5 {[%clk 1:04:15]} 14. gxh5 {[%clk 1:04:36]} 14... Nxh5
{[%clk 1:04:08]} 15. Rdg1 {[%clk 1:04:39]} 15... b4 {[%clk 0:56:32]} 16. Nd5 {
[%clk 1:03:33]} 16... e6 {[%clk 0:40:00]} 17. Nf4 {[%clk 1:03:28]} 17... a5 {
[%clk 0:29:43]} 18. Nxh5 {[%clk 1:02:16]} 18... gxh5 {[%clk 0:30:06]} 19. Bh6 {
[%clk 0:47:05]} 19... Ng6 {[%clk 0:28:49]} 20. Bxg7 {[%clk 0:47:18]} 20... Kxg7
{[%clk 0:29:01]} 21. Rg5 {[%clk 0:40:43]} 21... a4 {[%clk 0:25:15]} 22. Rxh5 {
[%clk 0:33:50]} 22... axb3 {[%clk 0:24:25]} 23. Qh6+ {[%clk 0:31:33]} 23... Kf6
{[%clk 0:24:44]} 24. Qg5+ {[%clk 0:31:55]} 1/2-1/2

[Event "DEM U10 2018"]
[Site "Willingen GER"]
[Date "2018.05.25"]
[Round "9"]
[White "Strehse, Nelson"]
[Black "Linnemann, Caspar"]
[Result "1-0"]
[Termination "normal"]
[Board "10"]
[WhiteElo "1201"]
[BlackElo "1408"]
[WhiteClock "00:08:47"]
[BlackClock "00:13:39"]
[PlyCount "133"]
[WhiteFideId "16228898"]
[BlackFideId "16200284"]
[EventCountry "GER"]
[EventRounds "11"]
[EventType "swiss"]
[EventDate "2018.05.19"]

1. e4 {[%clk 1:15:52]} 1... c5 {[%clk 1:15:52]} 2. d4 {[%clk 1:16:14]} 2...
cxd4 {[%clk 1:16:15]} 3. c3 {[%clk 1:16:33]} 3... dxc3 {[%clk 1:16:31]} 4. Nxc3
{[%clk 1:16:56]} 4... d6 {[%clk 1:16:44]} 5. Nf3 {[%clk 1:17:11]} 5... Nf6 {
[%clk 1:16:44]} 6. Bc4 {[%clk 1:17:13]} 6... Nc6 {[%clk 1:16:28]} 7. e5 { [%clk
1:17:01]} 7... dxe5 {[%clk 1:15:46]} 8. Qxd8+ {[%clk 1:17:02]} 8... Nxd8 {[%clk
1:15:49]} 9. Nb5 {[%clk 1:12:29]} 9... Ne6 {[%clk 0:57:44]} 10. Bxe6 { [%clk
1:11:00]} 10... Bxe6 {[%clk 0:57:37]} 11. Nc7+ {[%clk 1:11:19]} 11... Kd8
{[%clk 0:57:27]} 12. Nxa8 {[%clk 1:11:37]} 12... Kc8 {[%clk 0:56:50]} 13. Nxe5
{[%clk 1:11:54]} 13... Kb8 {[%clk 0:57:02]} 14. Bf4 {[%clk 1:12:04]} 14... Kxa8
{[%clk 0:57:14]} 15. O-O-O {[%clk 1:12:02]} 15... a6 {[%clk 0:55:35]} 16. Be3 {
[%clk 1:11:55]} 16... Nd5 {[%clk 0:55:07]} 17. Rhe1 {[%clk 0:53:05]} 17... g6 {
[%clk 0:52:54]} 18. Nd7 {[%clk 0:47:29]} 18... Nxe3 {[%clk 0:46:37]} 19. fxe3 {
[%clk 0:46:33]} 19... Bh6 {[%clk 0:44:03]} 20. Kb1 {[%clk 0:43:59]} 20... Ka7 {
[%clk 0:41:11]} 21. Ne5 {[%clk 0:31:25]} 21... Rc8 {[%clk 0:37:45]} 22. Ka1 {
[%clk 0:13:20]} 22... Rc2 {[%clk 0:29:00]} 23. Nf3 {[%clk 0:08:47]} 23... Rxg2
{[%clk 0:25:13]} 24. Rd2 {[%clk 0:07:54]} 24... Rxd2 {[%clk 0:21:36]} 25. Nxd2
{[%clk 0:08:15]} 25... Bg7 {[%clk 0:20:42]} 26. Kb1 {[%clk 0:07:48]} 26... Be5
{[%clk 0:17:17]} 27. Nf3 {[%clk 0:07:20]} 27... Bd6 {[%clk 0:16:42]} 28. Ng5 {
[%clk 0:06:39]} 28... h6 {[%clk 0:16:02]} 29. Nxe6 {[%clk 0:06:34]} 29... fxe6
{[%clk 0:16:21]} 30. Rg1 {[%clk 0:06:42]} 30... g5 {[%clk 0:16:35]} 31. h3 {
[%clk 0:06:59]} 31... Be5 {[%clk 0:16:10]} 32. Kc2 {[%clk 0:06:06]} 32... Bf6 {
[%clk 0:16:22]} 33. b3 {[%clk 0:06:27]} 33... Kb6 {[%clk 0:16:13]} 34. Kd3 {
[%clk 0:06:07]} 34... h5 {[%clk 0:15:22]} 35. e4 {[%clk 0:04:55]} 35... Kb5 {
[%clk 0:12:59]} 36. e5 {[%clk 0:05:02]} 36... Bg7 {[%clk 0:09:16]} 37. Rxg5 {
[%clk 0:04:40]} 37... Bh6 {[%clk 0:09:08]} 38. Rg6 {[%clk 0:04:06]} 38... Bf4 {
[%clk 0:09:17]} 39. Rxe6 {[%clk 0:04:22]} 39... Bg5 {[%clk 0:08:57]} 40. Rg6 {
[%clk 0:03:38]} 40... Bf4 {[%clk 0:08:35]} 41. Rg7 {[%clk 0:02:15]} 41... Kc6 {
[%clk 0:06:32]} 42. Rxe7 {[%clk 0:02:11]} 42... Kd5 {[%clk 0:06:00]} 43. Rxb7 {
[%clk 0:01:38]} 43... Bxe5 {[%clk 0:06:14]} 44. Ra7 {[%clk 0:01:55]} 44... Kc5
{[%clk 0:06:28]} 45. Rxa6 {[%clk 0:02:09]} 45... h4 {[%clk 0:06:34]} 46. Ra5+ {
[%clk 0:02:25]} 46... Kd6 {[%clk 0:06:56]} 47. Rxe5 {[%clk 0:02:53]} 47... Kxe5
{[%clk 0:07:16]} 48. Ke3 {[%clk 0:03:12]} 48... Kd5 {[%clk 0:07:27]} 49. a4 {
[%clk 0:03:36]} 49... Kc5 {[%clk 0:07:50]} 50. Kf4 {[%clk 0:04:00]} 50... Kb4 {
[%clk 0:08:12]} 51. Kg4 {[%clk 0:04:19]} 51... Kxb3 {[%clk 0:08:11]} 52. a5 {
[%clk 0:04:40]} 52... Kb4 {[%clk 0:08:35]} 53. a6 {[%clk 0:05:04]} 53... Kc5 {
[%clk 0:08:58]} 54. a7 {[%clk 0:05:24]} 54... Kd6 {[%clk 0:09:19]} 55. a8=Q {
[%clk 0:05:47]} 55... Ke5 {[%clk 0:09:42]} 56. Qe8+ {[%clk 0:06:03]} 56... Kd4
{[%clk 0:10:05]} 57. Kf4 {[%clk 0:06:21]} 57... Kd5 {[%clk 0:10:23]} 58. Qd7+ {
[%clk 0:06:39]} 58... Kc5 {[%clk 0:10:43]} 59. Ke4 {[%clk 0:07:02]} 59... Kb4 {
[%clk 0:11:00]} 60. Qc6 {[%clk 0:06:40]} 60... Kb3 {[%clk 0:11:21]} 61. Qc5 {
[%clk 0:06:58]} 61... Kb2 {[%clk 0:11:42]} 62. Qc4 {[%clk 0:07:18]} 62... Kb1 {
[%clk 0:12:05]} 63. Qc3 {[%clk 0:07:35]} 63... Ka2 {[%clk 0:12:28]} 64. Qb4 {
[%clk 0:07:59]} 64... Ka1 {[%clk 0:12:53]} 65. Kd3 {[%clk 0:08:22]} 65... Ka2 {
[%clk 0:13:13]} 66. Kc2 {[%clk 0:08:47]} 66... Ka1 {[%clk 0:13:39]} 67. Qa3#
1-0